| 000 | 00963nam a22002177a 4500 | ||
|---|---|---|---|
| 005 | 20110830152446.0 | ||
| 010 | _aG-001114 | ||
| 020 |
_a 81789454064 _c35.00 |
||
| 035 | _aG-001114 | ||
| 037 | _bउपहार | ||
| 082 | _a333.7 | ||
| 100 |
_aगर्ग, भंवरलाल _934003 |
||
| 245 |
_aपर्यावरण संसाधन तथा संरक्षण / _cभंवरलाल गर्ग |
||
| 246 |
_a _b |
||
| 260 |
_aअजमेर _bशब्द साधना _c2008 |
||
| 270 |
_a59, शास्त्री नगर _bअजमेर _e _k |
||
| 300 |
_a36पृ. _bसचित्र _c22 सेमी (अजिल्द) |
||
| 942 |
_2ddc _cCH _h333.7 _mगर्गभं |
||
| 999 |
_c56101 _d56101 |
||